Statistics for Songs by Arctic Monkeys

Click here to take the quiz!

General Stats

  • This quiz has been taken 386 times
  • The average score is 36 of 59

Answer Stats

HintAnswer% Correct
AM - 2013Do I Wanna Know?
90%
R U Mine?
90%
505
82%
Arabella
82%
Favourite Worst Nightmare - 2007Brianstorm
82%
I Bet You Look Good On The Dancefloor
80%
Mardy Bum
80%
Suck It And See
80%
Knee Socks
77%
When The Sun Goes Down
77%
Fluorescent Adolescent
76%
I Wanna Be Yours
76%
Teddy Picker
76%
Crying Lightning
74%
Why'd You Only Call Me When You're High?
73%
No. 1 Party Anthem
72%
Cornerstone
70%
Whatever People Say I Am, That's What I'm Not - 2006The View From The Afternoon
70%
Riot Van
69%
A Certain Romance
68%
Snap Out Of It
68%
Fake Tales Of San Francisco
67%
One For The Road
67%
Balaclava
65%
Black Treacle
65%
Fireside
65%
Humbug - 2009My Propeller
65%
Dancing Shoes
64%
Mad Sounds
64%
D Is For Dangerous
62%
Old Yellow Bricks
60%
From The Ritz To The Rubble
59%
Pretty Visitors
59%
I Want It All
58%
Suck It And See - 2011She's Thunderstorms
56%
Do Me A Favour
55%
This House Is A Circus
55%
Love Is A Laserquest
54%
Only Ones Who Know
54%
Piledriver Waltz
52%
Brick By Brick
51%
Dangerous Animals
51%
Don't Sit Down 'Cause I've Moved Your Chair
51%
Perhaps Vampires Is A Bit Strong But...
51%
Secret Door
51%
Still Take You Home
50%
Dance Little Liar
49%
Red Light Indicates Doors Are Secured
49%
The Bad Thing
48%
The Jeweller's Hands
48%
If You Were There, Beware
47%
Library Pictures
46%
You Probably Couldn't See For The Lights But You Were Staring Straight At Me
45%
Potion Approaching
43%
The Hellcat Spangled Shalalala
41%
All My Own Stunts
38%
Fire And The Thud
38%
Reckless Serenade
38%
That's Where You're Wrong
37%

Score Distribution

Percentile by Number Answered

Percent of People with Each Score

Your Score History

You have not taken this quiz